|
|
|
|
| LEADER |
00000cam a2200000 a 4500 |
| 001 |
MED-912 |
| 005 |
20230308195057.0 |
| 008 |
990092|1990 ||||||||r|||||||||||spa|| |
| 040 |
|
|
|b spa
|
| 041 |
0 |
|
|a Español
|
| 245 |
|
|
|a Características socio-económicas, organizativas y conceptuales de los habitantes de las parroquias de Today, Pindilig y Rivera de la provincia de Cañar en relación con un programa de control de la tuberculosis 1989
|c Santiago Alberto García Alvarado, Víctor Gerardo León Cherrez, James Stanley Pilco Luzuriaga. Director José Gerardo Andino Vélez
|h dact
|
| 264 |
|
|
|a Cuenca
|c 1990
|
| 300 |
|
|
|a 47 páginas:
|b tbls.
|c 28 cm
|
| 502 |
|
|
|a Doctor en Medicina y Cirugía
|b Universidad de Cuenca
|c med
|d Andino Vélez, José Gerardo, dir.
|e 59
|
| 504 |
|
|
|a incl. ref.
|
| 650 |
|
|
|a Enfermedades infecciosas
|9 2117
|
| 650 |
|
|
|a Tuberculosis
|9 41214
|
| 700 |
1 |
|
|a García Alvarado, Santiago Alberto
|9 158173
|
| 700 |
1 |
|
|a León Cherrez, Víctor Gerardo
|9 158174
|
| 700 |
1 |
|
|a Pilco Luzuriaga, James Stanley
|9 158175
|
| 852 |
|
|
|a UC-SALUD
|c ESTANTERIA CERRADA
|f Donación
|k mariana.feican
|l 1
|m Limitada
|p 19900920
|q 200,00
|t MED-912
|v med
|w MEDICINA
|y 21341
|b 1
|d CDRS
|e CDRS
|g ESTANTERIA CERRADA
|z 1990-00-92
|
| 942 |
|
|
|c TS
|
| 999 |
|
|
|c 88177
|d 88177
|